Сокола (Запис номер 498475)
[ съкратено ]
| 000 -Лидер | |
|---|---|
| Лидер | 01064aam a2200277 a 4500 |
| 003 - Код на организацията, давaща контролен номер | |
| Код на организацията, даваща контролен номер | BLK |
| 005 - Дата и час на последна редакция | |
| Дата и час на последна редакция | 20250422155517.0 |
| 008 - Елементи от данни с фиксирана дължина | |
| Елементи с фиксирана дължина | 180724b bul|||||||||| 00| | bul d |
| 020 ## - Международен стандартен номер на книга ISBN | |
| ISBN | 978-619-161-298-7 |
| Коментар към ISBN | 9786191612987 |
| 040 ## - Източник на каталожния запис | |
| Код на библиотеката | BLK |
| 041 ## - Код за език | |
| Език | Български |
| Език за КДБФ | Български |
| 080 ## - УДК | |
| УДК текст | Норвежка литература |
| УДК код | 821.113.5 |
| УДК – определител | -312.4 |
| УДК – код + определител | 821.113.5-312.4 |
| 084 ## - Класификационен индекс по друга класификация | |
| Авторски знак | Ег - Е 23 |
| 100 1# - Редна дума - Автор | |
| Автор | Егеланд, Том |
| R(LIN) | 66676 |
| 245 ## - Сведения за заглавието | |
| Заглавие | Сокола |
| Подзаглавни данни | роман |
| Авторска отговорност | Том Егеланд; прев. от норв. Кристина Златкова. |
| 257 ## - Страна на издаване | |
| Страна на създаване/издаване | България |
| 260 ## - Област на издателските данни | |
| Място на издаване | София |
| Име на издателя | Персей |
| Година на издаване | 2023 |
| Печатница | [София] : [Лито Балкан] |
| 300 ## - Физическа характеристика | |
| Брой страници | 448 с. |
| Размер | 20 см |
| 380 ## - Жанр | |
| Жанр | Худож. лит. |
| 500 ## - Общи забележки | |
| Обща забележка | Ориг. загл.: Falken/ Tom Egeland. |
| 700 ## - Други автори (авторска отговорност) | |
| 9 (RLIN) | 489785 |
| Друг автор | Златкова, Кристина Евгениева |
| Авт. отговорност на др. автор | прев. от норв. |
| 852 ## - Местоположение | |
| Сигнатура (форматна) | Цб 323523 |
| Отдел | Хранилище |
| 942 ## - АРТИКУЛИ | |
| Вид на библиотечния документ | Книги |
| Източник на класификационната схема | Universal Decimal Classification |
| Скрит в OPAC | Не |
| Периодичен библиозапис | Да |
| Koha issues (borrowed), all copies | 8 |
| 944 ## - СЪЗДАВАНЕ И РЕДАКЦИЯ на ЗАПИСА | |
| Създаване/Редакция | Редакция |
| Дата на регистрацията/редакция | 2024-06-19 |
| Служител, извършил регистрацията/редакцията | 30530 |
| Номер на служител | Минев Младен |
| 999 ## - СИСТЕМНИ КОНТРОЛНИ НОМЕРА | |
| Koha biblionumber | 498475 |
| Koha biblioitemnumber | 498475 |
| Код за отписване | Код за изгубен артикул | Източник на класификационната схема | Код за повреда | Код за отдаване | Артикулен № | Име на библиотеката - собственик | Име на библиотеката, в която се намира в момента | Статус (Текущо местоположение) | Дата на вписване в системата | Местоположение - отдел | Цена в лева | Инвентарен номер | Систематично азбучна сигнатура | Баркод | Цена в евро | Служебен тип на артикула | Коз за рестрикции |
|---|---|---|---|---|---|---|---|---|---|---|---|---|---|---|---|---|---|
| Не е изгубен | Universal Decimal Classification | Не е повреден | заемане за дома | 936880 | Регионална библиотека "Любен Каравелов" Русе | Регионална библиотека "Любен Каравелов" Русе | Заемна - подръчен фонд | 2023-11-22 | Заемна - подръчен фонд | 17.50 | 120000895946 | 821-31/Е 23 Т | 120000895946 | 8.95 | Книги | ||
| Не е изгубен | Universal Decimal Classification | Не е повреден | заемане за дома | 936881 | Регионална библиотека "Любен Каравелов" Русе | Регионална библиотека "Любен Каравелов" Русе | Заемна - подръчен фонд | 2023-11-22 | Заемна - подръчен фонд | 17.50 | 120000895947 | 821-31/Е 23 Т | 120000895947 | 8.95 | Книги | ||
| Не е изгубен | Universal Decimal Classification | Не е повреден | ползва се в читалня | 945043 | Регионална библиотека "Любен Каравелов" Русе | Регионална библиотека "Любен Каравелов" Русе | Хранилище | 2024-07-02 | Хранилище | 25.00 | 120000910147 | Цб 323523 | 120000910147 | 12.78 | Книги | само за читалня |